Iberia Destinations - Statistics

General Stats
  • This quiz has been taken 266 times
  • The average score is 71 of 94
Answer Stats
Country City % Correct
Belgium Brussels
93%
Brazil Rio de Janeiro
93%
Chile Santiago
93%
Spain Santiago de Compostela
93%
Brazil Sao Paulo
93%
Argentina Buenos Aires
92%
Austria Vienna
92%
Denmark Copenhagen
90%
Algeria Algiers
89%
Spain Barcelona
89%
Cuba Havana
89%
Portugal Lisbon
88%
Mexico Mexico City
88%
Czech Republic Prague
88%
Croatia Zagreb
88%
Netherlands Amsterdam
87%
Greece Athens
87%
Columbia Bogota
87%
Germany Frankfurt
87%
Peru Lima
87%
Germany Munich
87%
Portugal Porto
87%
Ireland Dublin
86%
Germany Hamburg
86%
France Lyon
86%
Norway Oslo
86%
Panama Panama City
86%
Ecuador Quito
86%
Israel Tel Aviv
86%
Hungary Budapest
84%
Morroco Casablanca
84%
South Africa Johannesburg
84%
France Nice
84%
Switzerland Zurich
84%
Switzerland Geneva
83%
United States Los Angeles
83%
Spain Madrid
83%
Iceland Reykjavik
83%
Russia Saint Petersburg
83%
Costa Rica San Jose
82%
Sweden Stockholm
82%
United Kingdom Manchester
81%
France Marseille
81%
El Salvador San Salvador
81%
Croatia Split
81%
Italy Venice
81%
Norway Bergen
80%
Venezuela Caracas
80%
Germany Dusseldorf
80%
Guatemala Guatemala City
80%
Morroco Marrakech
80%
Croatia Dubrovnik
79%
United States Miami
78%
Spain Palma de Mallorca
78%
Dominican Republic Santo Domingo
78%
Columbia Medellin
77%
Uruguay Montevideo
77%
Italy Naples
77%
Spain Bilbao
76%
Senegal Dakar
76%
United States Boston
75%
United Kingdom London-Heathrow
75%
United States San Francisco
73%
Italy Bologna
72%
Japan Tokyo-Narita
72%
Italy Florence
71%
France Paris-Charles de Gaulle
70%
Puerto Rico San Juan
70%
United States New York-JFK
69%
Portugal Funchal
67%
Italy Genoa
67%
Italy Milan-Malpensa
67%
France Paris-Orly
67%
United Kingdom Birmingham
65%
Italy Catania
64%
Morroco Tangier
64%
Algeria Oran
63%
United States Chicago O'Hare
62%
Italy Rome-Fiumicino
62%
Germany Berlin-Tegel
61%
Spain Vigo
58%
Italy Milan-Linate
57%
Spain Las Palmas
55%
Spain A Coruna
54%
China Shanghai-Pudong
49%
Italy Olbia
48%
Spain Murcia
47%
Spain Granada
46%
Spain Santander
46%
Spain Jerez de la Frontera
44%
Spain San Sebastian
43%
Spain Asturias
40%
Russia Moscow-Domodedovo
40%
Switzerland, France, Germany Basel, Mulhouse, Freiburg
36%
No matching quizzes found
Score Distribution
Percent of People with Each Score
Percentile by Number Answered
Your Score History
You have not taken this quiz